[Event "Lords of the Spring :-)"]
[Site "SchemingMind.com"]
[Date "2010.04.02"]
[Round "-"]
[White "Baeron"]
[Black "jtrochez1"]
[Result "1-0"]
[WhiteCountry "SUI"]
[BlackCountry "HON"]
[WhiteElo "2095"]
[WhiteRD "81"]
[BlackElo "1589"]
[BlackRD "51"]
[GameID "243884"]

1. c4 Nf6 2. g3 Nc6 3. Bg2 e5 4. Nc3 d6 5. e4 Nd4 6. Nce2 c6 7. Nxd4 exd4 8. d3 Be6 9. Ne2 Qb6 10. O-O c5
11. h3 Bd7 12. a3 Be7 13. Rb1 O-O 14. b4 cxb4 15. axb4 Qc7 16. Nxd4 Rab8 17. Bb2 a6 18. Qe2 Rfe8 19. Rfc1 Qd8 20. f4 h6
21. Nc2 Bf8 22. Qf2 b5 23. c5 dxc5 24. bxc5 Bc6 25. Nb4 Ba8 26. Nxa6 Rc8 27. Nb4 Nh7 28. Rc2 f6 29. Re1 Be7 30. d4 Bf8
31. d5 f5 32. e5 Ng5 33. fxg5 hxg5 34. e6 Kh7 35. Qxf5+ g6 36. Qf7+
1-0

[Event "Lords of the Spring :-)"]
[Site "SchemingMind.com"]
[Date "2010.04.02"]
[Round "-"]
[White "PeterLiberty"]
[Black "jtrochez1"]
[Result "0-1"]
[WhiteCountry "USA"]
[BlackCountry "HON"]
[WhiteElo "1572"]
[WhiteRD "64"]
[BlackElo "1589"]
[BlackRD "51"]
[GameID "243929"]

1. e4 e5 2. Nf3 d6 3. d4 exd4 4. Nxd4 Nc6 5. Nc3 Bd7 6. Bb5 Nge7 7. Bg5 g6 8. O-O Qb8 9. Bf6 Rg8 10. Bxe7 Bxe7
11. Re1 Bf6 12. Bxc6 bxc6 13. Nf3 Bg4 14. Qd3 Qb7 15. h3 Be6 16. b3 O-O-O 17. Rad1 Be7 18. Nh2 h5 19. f4 d5 20. Nf3 dxe4
21. Qxe4 c5 22. Rxd8+ Rxd8 23. Ne5 Qxe4 24. Rxe4 Bd6 25. Nc6 Rd7 26. Nxa7+ Kb7 27. Nab5 Kb6 28. Kf2 Re7 29. a4 f5 30. Nd5+ Bxd5
31. Nxd6 Rxe4 32. Nxe4 Bxe4 33. c4 Ka5 34. g3 Kb4 35. Ke3 Kxb3 36. a5 Kxc4 37. a6 Kc3 38. g4 hxg4 39. hxg4 Kb2 40. a7 c4
41. gxf5 gxf5
0-1

[Event "Lords of the Spring :-)"]
[Site "SchemingMind.com"]
[Date "2010.04.01"]
[Round "-"]
[White "PeterLiberty"]
[Black "1tamad"]
[Result "0-1"]
[WhiteCountry "USA"]
[BlackCountry "USA"]
[WhiteElo "1572"]
[WhiteRD "64"]
[BlackElo "1682"]
[BlackRD "68"]
[GameID "243930"]

1. e4 d6 2. d4 Nf6 3. Nc3 g6 4. f4 Bg7 5. Nf3 O-O 6. Bd3 Bg4 7. h3 Bxf3 8. Qxf3 c6 9. Be3 Nbd7 10. e5 Ne8
11. O-O-O Qc7 12. g4 b5 13. Rhe1 Rb8 14. Nb1 c5 15. dxc5 Nxc5 16. Qf2 Nxd3+ 17. Rxd3 a5 18. Red1 dxe5 19. fxe5 Bxe5 20. Nc3 Nd6
21. Nd5 Qb7 22. c3 Nc4 23. Bc5 Rfe8 24. Qf3 b4 25. Nxe7+ Rxe7 26. Qxb7 Rexb7 27. Bd4 bxc3 28. Bxc3 Bxc3 29. Rxc3 Nxb2 30. Rd2 Na4
31. Rb3 Rc8+ 32. Rc2 Rbc7 33. Rxc7 Rxc7+ 34. Kb1 Nc3+ 35. Kb2 Ne4 36. a4 Rc4 37. Ka3 Nd2 38. Rb8+ Kg7 39. Rb5 Rc3+ 40. Kb2 Rxh3
41. Ka2 Nc4 42. Rb3 Rh2+ 43. Ka1 Rg2 44. g5 Rxg5
0-1

[Event "Lords of the Spring :-)"]
[Site "SchemingMind.com"]
[Date "2010.04.05"]
[Round "-"]
[White "PeterLiberty"]
[Black "Clive Everill"]
[Result "0-1"]
[WhiteCountry "USA"]
[BlackCountry "CZE"]
[WhiteElo "1572"]
[WhiteRD "64"]
[BlackElo "1664"]
[BlackRD "50"]
[GameID "243931"]

1. e4 a6 2. d4 b5 3. Nf3 Bb7 4. Bd3 e6 5. O-O Nf6 6. Re1 c5 7. c3 c4 8. Bc2 Be7 9. Bg5 O-O 10. Nbd2 d5
11. e5 Nfd7 12. Bxe7 Qxe7 13. b3 Nc6 14. a3 f5 15. a4 cxb3 16. Bxb3 b4 17. h4 bxc3 18. Nf1 Na5 19. Ba2 Bc6 20. Qc2 Nb6
21. Qxc3 Bxa4 22. Rec1 Nb7 23. Bb3 Bb5 24. Ne3 f4 25. Ng4 h5 26. Ngh2 Rac8 27. Qd2 Nc4 28. Bxc4 Bxc4 29. Rc3 Rc6 30. Rac1 Rfc8
31. Qxf4 Na5 32. Nd2 Rf8 33. Qg3 Rb6 34. f4 Rb2 35. Nxc4 Nxc4 36. Rf1 a5 37. Rcf3 Nd2 38. R1f2 Nxf3+ 39. Qxf3 Rb1+ 40. Rf1 Rxf1+
41. Qxf1 Qxh4 42. Qf2 Qxf4 43. Qxf4 Rxf4 44. Nf3 a4 45. Nd2 Rxd4 46. Nf3 Rd1+ 47. Kf2 a3
0-1

[Event "Lords of the Spring :-)"]
[Site "SchemingMind.com"]
[Date "2010.04.01"]
[Round "-"]
[White "PeterLiberty"]
[Black "Andreas Flato"]
[Result "0-1"]
[WhiteCountry "USA"]
[BlackCountry "GER"]
[WhiteElo "1705"]
[WhiteRD "88"]
[BlackElo "1635"]
[BlackRD "73"]
[GameID "243932"]

1. e4 e5 2. Nf3 d6 3. d4 exd4 4. Nxd4 Be7 5. Nc3 Nf6 6. Be2 O-O 7. O-O Re8 8. f4 a6 9. Nf5 Bf8 10. Be3 Bxf5
11. Bd4 Nxe4 12. Bf3 Nc6 13. Re1 Nxc3 14. Bxc3 Rxe1+ 15. Bxe1 Rb8 16. Bc3 Ne7 17. h3 h6 18. g4 Bd7 19. Qd4 Bc6 20. Bxc6 Nxc6
21. Qe3 Qe7 22. Qxe7 Bxe7 23. Re1 Kf8 24. Kg2 Bh4 25. Re2 Bf6 26. Bxf6 gxf6 27. c3 Re8 28. Kf2 Rxe2+ 29. Kxe2 f5 30. Kd3 Ne7
31. b3 fxg4 32. hxg4 f5 33. Ke3 fxg4 34. Kf2 Nf5 35. a3 h5 36. b4 h4 37. Kg2 Ne3+ 38. Kf2 Nd1+ 39. Kg2 Nxc3
0-1

[Event "Lords of the Spring :-)"]
[Site "SchemingMind.com"]
[Date "2010.04.01"]
[Round "-"]
[White "PeterLiberty"]
[Black "Phillip Beckett"]
[Result "0-1"]
[WhiteCountry "USA"]
[BlackCountry "ENG"]
[WhiteElo "1705"]
[WhiteRD "88"]
[BlackElo "1693"]
[BlackRD "59"]
[GameID "243933"]

1. e4 e5 2. Nf3 Nc6 3. Bb5 a6 4. Ba4 Nf6 5. O-O Be7 6. Re1 b5 7. Bb3 O-O 8. Nc3 d6 9. d4 exd4 10. Nxd4 Nxd4
11. Qxd4 c5 12. Bxf7+ Rxf7 13. Qe3 Rf8 14. Nd5 Nxd5 15. exd5 Bh4 16. g3 Bf6 17. c3 Bh3 18. f4 Re8 19. Qf2 Qd7 20. Bd2 Rxe1+
21. Rxe1 Re8 22. Rxe8+ Qxe8 23. Qe1 Qxe1+ 24. Bxe1 Kf7 25. b3 Bf5 26. Kf2 Bb1 27. a3 Ba2 28. b4 Bxd5 29. Ke3 cxb4 30. axb4 Bc4
31. Kd2 Ke6 32. Ke3 h5 33. h4 Kd5 34. Bd2 Bd8 35. Kf3 Bf6 36. Ke3 Bf1 37. Be1 Kc4 38. Kf2 Bh3 39. Ke3 Bxc3 40. Bxc3 Kxc3
0-1

[Event "Lords of the Spring :-)"]
[Site "SchemingMind.com"]
[Date "2010.04.01"]
[Round "-"]
[White "PeterLiberty"]
[Black "Baeron"]
[Result "1-0"]
[WhiteCountry "USA"]
[BlackCountry "SUI"]
[WhiteElo "1705"]
[WhiteRD "88"]
[BlackElo "2015"]
[BlackRD "93"]
[GameID "243934"]

1. e4 c5 2. Nf3 Nc6 3. d4 cxd4 4. Nxd4 e5 5. Nb5 d6 6. N1c3 a6 7. Na3 b5 8. Nd5 Nge7 9. Bg5 h6 10. Bxe7 Bxe7
11. c3 O-O 12. Nc2 Bg5 13. Be2 Rb8 14. O-O Ne7 15. Nxe7+ Qxe7 16. Bd3 Bb7 17. Nb4 Qe6 18. Be2 Bxe4 19. Bf3 d5 20. Nxd5 Rfd8
21. Bxe4
1-0

[Event "Lords of the Spring :-)"]
[Site "SchemingMind.com"]
[Date "2010.04.02"]
[Round "-"]
[White "jtrochez1"]
[Black "PeterLiberty"]
[Result "1-0"]
[WhiteCountry "HON"]
[BlackCountry "USA"]
[WhiteElo "1603"]
[WhiteRD "47"]
[BlackElo "1471"]
[BlackRD "57"]
[GameID "243935"]

1. e4 c5 2. Nf3 d6 3. h3 Nf6 4. Nc3 g6 5. d4 cxd4 6. Nxd4 Bg7 7. Be2 O-O 8. Be3 Nc6 9. O-O Bd7 10. Bf3 Rc8
11. a3 Ne5 12. Be2 Nc4 13. Bxc4 e6 14. Be2 a6 15. Rb1 e5 16. Nf3 Bc6 17. Nd2 d5 18. Bg5 d4 19. Na2 Qd6 20. Bxf6 Bxf6
21. Nc4 Qc7 22. Nd2 Rfd8 23. Bd3 b5 24. Nb4 Bb7 25. Qe2 Be7 26. Rfc1 Bg5 27. f3 Kg7 28. b3 Be3+ 29. Kh1 Qa5 30. Ra1 Rc3
31. Rcb1 Rdc8 32. Nf1 Qb6 33. Nxe3 dxe3 34. Na2 R3c7 35. c4 Bc6 36. Nb4 bxc4 37. bxc4 Bb7 38. Nxa6 Qxa6 39. c5 Qa4 40. Qxe3 Qc6
41. Bb5 Qxc5 42. Qxc5 Rxc5 43. a4 Ba8 44. Ra2 Rc1+ 45. Rxc1 Rxc1+ 46. Kh2 Rc7 47. Rd2 Bb7 48. Rd7 Rxd7 49. Bxd7 f6 50. Be6 Kf8
51. Bd5 Bxd5 52. exd5 Ke7 53. g4 Kd6 54. Kg3 Kxd5 55. f4 e4 56. Kf2 Kc5 57. Ke3 Kb4 58. Kxe4 Kxa4 59. f5 Kb5 60. Kd5 Kb6
61. Ke6 g5 62. Kxf6 h6 63. Ke6 Kc7 64. Ke7
1-0

[Event "Lords of the Spring :-)"]
[Site "SchemingMind.com"]
[Date "2010.04.01"]
[Round "-"]
[White "1tamad"]
[Black "PeterLiberty"]
[Result "1-0"]
[WhiteCountry "USA"]
[BlackCountry "USA"]
[WhiteElo "1682"]
[WhiteRD "68"]
[BlackElo "1572"]
[BlackRD "64"]
[GameID "243936"]

1. d4 Nf6 2. e3 e6 3. Bd3 c5 4. c3 b6 5. f4 Bb7 6. Nf3 Be7 7. Nbd2 d5 8. Ne5 O-O 9. Qf3 Nbd7 10. O-O Ne8
11. Qh5 g6 12. Qh6 f5 13. Nxg6 Rf7 14. Nxe7+ Qxe7 15. Nf3 Rg7 16. Ng5 Nef6 17. Qh3 Ng4 18. Qf3 Ndf6 19. Bd2 c4 20. Bc2 Ne4
21. Rad1 Rf8 22. Nxe4 dxe4 23. Qe2 Qh4 24. g3 Qh3 25. Qg2 Qxg2+ 26. Kxg2 h5 27. h3 Nh6 28. Kh2 b5 29. Rg1 a5 30. a3 Rf6
31. Rdf1 Rfg6 32. Bd1 Bc6 33. Bxh5 Rf6 34. Rf2 Kh7 35. Rfg2 Nf7 36. g4 e5 37. g5 Rfg6 38. Rg3 exf4 39. exf4 Nxg5 40. Bxg6+ Rxg6
41. Rxg5 Rxg5 42. Rxg5 Bd7 43. h4 Kh6 44. Kh3 b4 45. axb4 axb4 46. cxb4
1-0

[Event "Lords of the Spring :-)"]
[Site "SchemingMind.com"]
[Date "2010.04.05"]
[Round "-"]
[White "Clive Everill"]
[Black "PeterLiberty"]
[Result "0-1"]
[WhiteCountry "CZE"]
[BlackCountry "USA"]
[WhiteElo "1684"]
[WhiteRD "50"]
[BlackElo "1705"]
[BlackRD "88"]
[GameID "243937"]

1. e4 c5 2. Nf3 d6 3. c3 Nf6 4. g3 Nc6 5. d4 cxd4 6. Nxd4 Nxd4 7. Qxd4 b6 8. Bg2 e5 9. Qd3 Bb7 10. Bg5 Be7
11. Nd2 O-O 12. O-O-O Re8 13. Nc4 Ba6 14. b3 Rc8 15. Kb2 Bxc4 16. bxc4 Rc6 17. Bxf6 Bxf6 18. f4 Qc7 19. Bf1 exf4 20. gxf4 b5
21. e5 dxe5 22. fxe5 Bxe5 23. Qf3 Rf6 24. Qg4 b4 25. Rd7 Bxc3+ 26. Kc2 Qa5 27. Rg1 Qxa2+ 28. Kd3 Qd2#
0-1

[Event "Lords of the Spring :-)"]
[Site "SchemingMind.com"]
[Date "2010.04.01"]
[Round "-"]
[White "Andreas Flato"]
[Black "PeterLiberty"]
[Result "0-1"]
[WhiteCountry "GER"]
[BlackCountry "USA"]
[WhiteElo "1635"]
[WhiteRD "73"]
[BlackElo "1705"]
[BlackRD "88"]
[GameID "243938"]

1. e4 c5 2. a3 g6 3. b4 Bg7 4. Nc3 d6 5. g3 Nc6 6. Rb1 Nf6 7. Bg2 O-O 8. Nge2 Rb8 9. O-O Ne8 10. f4 Nd4
11. Bb2 Bg4 12. h3 Nxe2+ 13. Nxe2 Bxe2 14. Qxe2 Bxb2 15. Rxb2 Nf6 16. Kh2 e6 17. bxc5 dxc5 18. Rfb1 b6 19. c3 Nh5 20. Bf3 Ng7
21. Qe3 Qc7 22. d4 cxd4 23. cxd4 Rfd8 24. Rc1 Qd7 25. d5 exd5 26. exd5 Re8 27. Qd3 Nf5 28. Re2 Rxe2+ 29. Bxe2 Re8 30. Rc3 Re3
31. Qd2 Rxc3 32. Qxc3 Qxd5 33. a4 Qc5 34. Qxc5 bxc5 35. g4 Ne3 36. Kg3 f5 37. Kf3 Nc2 38. Bc4+ Kg7 39. Bb3 Nd4+
0-1

[Event "Lords of the Spring :-)"]
[Site "SchemingMind.com"]
[Date "2010.04.01"]
[Round "-"]
[White "Phillip Beckett"]
[Black "PeterLiberty"]
[Result "0-1"]
[WhiteCountry "ENG"]
[BlackCountry "USA"]
[WhiteElo "1693"]
[WhiteRD "59"]
[BlackElo "1705"]
[BlackRD "88"]
[GameID "243939"]

1. e4 c5 2. Nf3 d6 3. d4 cxd4 4. Nxd4 Nf6 5. Nc3 g6 6. Be3 Bg7 7. f3 O-O 8. Qd2 Bd7 9. O-O-O Nc6 10. Bc4 Rc8
11. Bb3 Nxd4 12. Bxd4 e6 13. Be3 Rc6 14. Bh6 d5 15. Bxg7 Kxg7 16. exd5 exd5 17. Nxd5 Nxd5 18. Qxd5 Rc7 19. Qe5+ f6 20. Rhe1 fxe5
0-1

[Event "Lords of the Spring :-)"]
[Site "SchemingMind.com"]
[Date "2010.04.01"]
[Round "-"]
[White "Baeron"]
[Black "PeterLiberty"]
[Result "1-0"]
[WhiteCountry "SUI"]
[BlackCountry "USA"]
[WhiteElo "2095"]
[WhiteRD "81"]
[BlackElo "1572"]
[BlackRD "64"]
[GameID "243940"]

1. c4 Nf6 2. g3 g6 3. Bg2 Bg7 4. Nc3 O-O 5. e4 c5 6. Nf3 d6 7. O-O Nc6 8. d3 Bg4 9. h3 Bxf3 10. Qxf3 Ne8
11. Qd1 Nc7 12. f4 Ne6 13. f5 Ned4 14. Rb1 e6 15. g4 exf5 16. exf5 Qc7 17. Nd5 Qd7 18. f6 Bh8 19. Bg5 Rae8 20. Bh6 Ne2+
21. Kh2 Ncd4 22. Qd2 Nc6 23. Be4 Ned4 24. Bxf8 Rxf8 25. Qh6 Ne6 26. Rf5 Re8 27. Rbf1 Ncd4 28. Ne7+ Rxe7 29. fxe7 Nxf5 30. gxf5 Be5+
31. Kh1 Qxe7 32. fxe6 Bg7 33. exf7+ Kh8 34. f8=R+
1-0

[Event "Lords of the Spring :-)"]
[Site "SchemingMind.com"]
[Date "2010.04.02"]
[Round "-"]
[White "Mitchell-in"]
[Black "jtrochez1"]
[Result "1-0"]
[WhiteCountry "ENG"]
[BlackCountry "HON"]
[WhiteElo "1820"]
[WhiteRD "63"]
[BlackElo "1589"]
[BlackRD "51"]
[GameID "243982"]

1. e4 Nc6 2. d4 d6 3. c4 e6 4. Nc3 a6 5. f4 Nge7 6. Nf3 h6 7. Be3 Bd7 8. Bd3 Nb4 9. Bb1 a5 10. a3 Na6
11. Bd3 Nb8 12. O-O c6 13. d5 exd5 14. cxd5 c5 15. e5 Bg4 16. h3 Bf5 17. Bb5+ Bd7 18. exd6 Nf5 19. Bxc5 f6 20. Qd3 Bxd6
21. Rae1+ Kf7 22. Bxd6 Nxd6 23. Bxd7 Qxd7 24. Nd4 Re8 25. Ne6 b5 26. Qg3 Rg8 27. f5 g5 28. Qg4 Re8 29. Qh5+ Kg8 30. Qg6+ Kh8
31. Qxh6+
1-0

[Event "Lords of the Spring :-)"]
[Site "SchemingMind.com"]
[Date "2010.04.01"]
[Round "-"]
[White "Mitchell-in"]
[Black "1tamad"]
[Result "0-1"]
[WhiteCountry "ENG"]
[BlackCountry "USA"]
[WhiteElo "1787"]
[WhiteRD "67"]
[BlackElo "1698"]
[BlackRD "65"]
[GameID "243983"]

1. e4 d6 2. d4 Nf6 3. Nc3 g6 4. Be3 Bg7 5. Qd2 Nc6 6. f3 e6 7. Bd3 Nb4 8. Be2 O-O 9. a3 Nc6 10. h4 a6
11. Nh3 e5 12. d5 Nd4 13. Bd3 c6 14. dxc6 Nxc6 15. g4 b5 16. h5 Nxg4 17. fxg4 Bxg4 18. hxg6 fxg6 19. Nf2 Bf3 20. Rh2 Qd7
21. Be2 Bxe2 22. Qxe2 Nd4 23. Bxd4 exd4 24. Nd5 Rae8 25. O-O-O a5 26. Rdh1 h5 27. Rg2 Re6 28. Rhg1 Bh6+ 29. Kb1 Kh7 30. Qd3 b4
31. axb4 axb4 32. Nh3 b3 33. Qxb3 Rxe4 34. Qd3 Qe6 35. Nb4 Re1+ 36. Rxe1 Qxe1+ 37. Ka2 Ra8+ 38. Kb3 Qe6+ 39. c4 dxc3+ 40. Kxc3 Qe1+
41. Kb3 Qe6+ 42. Kc3 Rc8+
0-1

[Event "Lords of the Spring :-)"]
[Site "SchemingMind.com"]
[Date "2010.04.05"]
[Round "-"]
[White "Mitchell-in"]
[Black "Clive Everill"]
[Result "1-0"]
[WhiteCountry "ENG"]
[BlackCountry "CZE"]
[WhiteElo "1820"]
[WhiteRD "63"]
[BlackElo "1664"]
[BlackRD "50"]
[GameID "243984"]

1. e4 Nc6 2. d4 d5 3. e5 f6 4. f4 Nh6 5. Nf3 Bf5 6. Bd3 e6 7. Bxf5 Nxf5 8. c3 Be7 9. Qe2 Qd7 10. Nbd2 O-O-O
11. Nb3 h6 12. g4 fxe5 13. gxf5 e4 14. fxe6 Qxe6 15. Ne5 Bh4+ 16. Kd1 Nxe5 17. fxe5 Rdf8 18. Be3 b6 19. Kc2 Kb7 20. Raf1 a5
21. Rxf8 Rxf8 22. Rf1 Rxf1 23. Qxf1 a4 24. Nd2 Qd7 25. Bf4 Qh3 26. Qxh3
1-0

[Event "Lords of the Spring :-)"]
[Site "SchemingMind.com"]
[Date "2010.04.01"]
[Round "-"]
[White "Mitchell-in"]
[Black "Andreas Flato"]
[Result "1-0"]
[WhiteCountry "ENG"]
[BlackCountry "GER"]
[WhiteElo "1840"]
[WhiteRD "63"]
[BlackElo "1635"]
[BlackRD "73"]
[GameID "243985"]

1. e4 e5 2. Nf3 d6 3. Bc4 Be7 4. O-O h6 5. Nc3 Nf6 6. d4 exd4 7. Nxd4 c6 8. a4 Nbd7 9. Nf5 O-O 10. Nxd6 Ne5
11. Nxc8 Qxc8 12. Bb3 Rd8 13. Qe2 Qc7 14. f4 Ng6 15. Be3 Rd7 16. Rae1 Bb4 17. e5 Ne8 18. e6 fxe6 19. Bxe6+
1-0

[Event "Lords of the Spring :-)"]
[Site "SchemingMind.com"]
[Date "2010.04.01"]
[Round "-"]
[White "Mitchell-in"]
[Black "Phillip Beckett"]
[Result "1-0"]
[WhiteCountry "ENG"]
[BlackCountry "ENG"]
[WhiteElo "1840"]
[WhiteRD "63"]
[BlackElo "1693"]
[BlackRD "59"]
[GameID "243986"]

1. e4 e5 2. Nf3 Nc6 3. d4 exd4 4. Nxd4 Bc5 5. Be3 Qf6 6. Nb5 Bxe3 7. fxe3 Qd8 8. Qg4 g6 9. Qf4 d6 10. Bc4 Nf6
11. Nxc7+ Qxc7 12. Qxf6 O-O 13. Nc3 Ne5 14. Nd5 Qxc4 15. Ne7#
1-0

[Event "Lords of the Spring :-)"]
[Site "SchemingMind.com"]
[Date "2010.04.01"]
[Round "-"]
[White "Mitchell-in"]
[Black "PeterLiberty"]
[Result "1-0"]
[WhiteCountry "ENG"]
[BlackCountry "USA"]
[WhiteElo "1787"]
[WhiteRD "67"]
[BlackElo "1471"]
[BlackRD "57"]
[GameID "243987"]

1. c4 Nf6 2. Nc3 e6 3. g3 d5 4. cxd5 exd5 5. d4 c6 6. Bg2 Bf5 7. Nf3 Bd6 8. Bg5 Nbd7 9. O-O h6 10. Bxf6 Nxf6
11. Ne5 O-O 12. e3 Bxe5 13. dxe5 Nd7 14. f4 Nc5 15. g4 Be4 16. Nxe4 Nxe4 17. Qd4 Qh4 18. Bxe4 dxe4 19. Qxe4 Qxg4+ 20. Qg2 Qxg2+
21. Kxg2 Rad8 22. Rad1 Rfe8 23. Kf3 f6 24. exf6 gxf6 25. e4 Rxd1 26. Rxd1 Kf7 27. h4 Re7 28. Rd3 Rc7 29. Kg4 Kg6 30. h5+ Kg7
31. Kf5 Rf7 32. Rd8 b6 33. b4 a6 34. Rd6 Rc7 35. Rxf6 b5 36. Rg6+ Kh7 37. e5 c5 38. bxc5 Rxc5 39. Rxa6 b4 40. Ra7+ Kg8
41. Rb7
1-0

[Event "Lords of the Spring :-)"]
[Site "SchemingMind.com"]
[Date "2010.04.01"]
[Round "-"]
[White "Mitchell-in"]
[Black "Baeron"]
[Result "0-1"]
[WhiteCountry "ENG"]
[BlackCountry "SUI"]
[WhiteElo "1820"]
[WhiteRD "63"]
[BlackElo "2095"]
[BlackRD "81"]
[GameID "243988"]

1. e4 e6 2. d4 d5 3. exd5 exd5 4. c4 Nf6 5. Nc3 Be7 6. Bd3 dxc4 7. Bxc4 O-O 8. Nge2 Nbd7 9. O-O Nb6 10. Bb3 Nbd5
11. Bg5 c6 12. Rc1 Re8 13. a3 Bg4 14. f3 Bh5 15. Qd3 Qd6 16. Ng3 Bg6 17. Nce4 Nxe4 18. Bxe7 Nxg3 19. Bxd6 Bxd3 20. Bxg3 Bxf1
21. Bxd5 Bxg2 22. Bxf7+ Kxf7 23. Kxg2 Re2+
0-1

[Event "Lords of the Spring :-)"]
[Site "SchemingMind.com"]
[Date "2010.04.02"]
[Round "-"]
[White "jtrochez1"]
[Black "Mitchell-in"]
[Result "0-1"]
[WhiteCountry "HON"]
[BlackCountry "ENG"]
[WhiteElo "1551"]
[WhiteRD "51"]
[BlackElo "1840"]
[BlackRD "63"]
[GameID "243989"]

1. e4 e5 2. Bc4 Nf6 3. Nf3 Nc6 4. Ng5 d5 5. exd5 Na5 6. Bb5+ c6 7. dxc6 bxc6 8. Be2 h6 9. Nf3 e4 10. Ng1 Bc5
11. Nc3 Qd4
0-1

[Event "Lords of the Spring :-)"]
[Site "SchemingMind.com"]
[Date "2010.04.02"]
[Round "-"]
[White "1tamad"]
[Black "Mitchell-in"]
[Result "1-0"]
[WhiteCountry "USA"]
[BlackCountry "ENG"]
[WhiteElo "1682"]
[WhiteRD "68"]
[BlackElo "1820"]
[BlackRD "63"]
[GameID "243990"]

1. d4 d5 2. e3 Nf6 3. Bd3 e6 4. Nd2 c5 5. c3 Nc6 6. f4 Bd6 7. Ngf3 Qc7 8. Ne5 Nd7 9. O-O O-O 10. Rf3 f5
11. Rh3 Nf6 12. Qf3 Bd7 13. Qg3 Be8 14. Qh4 h6 15. Be2 Be7 16. Qg3 Kh7 17. Qf2 Nxe5 18. fxe5 Ne4 19. Nxe4
1-0

[Event "Lords of the Spring :-)"]
[Site "SchemingMind.com"]
[Date "2010.04.05"]
[Round "-"]
[White "Clive Everill"]
[Black "Mitchell-in"]
[Result "1-0"]
[WhiteCountry "CZE"]
[BlackCountry "ENG"]
[WhiteElo "1694"]
[WhiteRD "50"]
[BlackElo "1787"]
[BlackRD "67"]
[GameID "243991"]

1. e4 c6 2. Ne2 d5 3. e5 h5 4. d4 Bf5 5. Ng3 Bg6 6. Bd3 Bxd3 7. Qxd3 e6 8. Nd2 Nd7 9. Nb3 h4 10. Ne2 Qc7
11. Bg5 Be7 12. Qe3 Bxg5 13. Qxg5 g6 14. O-O Ne7 15. f4 Nf5 16. Kf2 Qd8 17. Qg4 Qe7 18. Rac1 a5 19. c4 a4 20. Nd2 h3
21. g3 Nb6 22. c5 Nd7 23. Qf3 a3 24. b3 Qd8 25. Nb1 Qa5 26. Rfd1 Ke7 27. Qc3 Qxc3 28. Nbxc3 b6 29. b4 f6 30. g4 Nh6
31. Kg3 Nf7 32. Ng1 g5 33. exf6+ Nxf6 34. Nxh3 gxf4+ 35. Nxf4 Rag8 36. h3 bxc5 37. bxc5 Ng5 38. Re1 Nfe4+ 39. Nxe4 Nxe4+ 40. Kh2 Rxg4
41. Rf1 Rg7 42. Rb1 Rd8 43. Rb6 Nf6 44. Rxc6 Rf7 45. Rxe6+ Kd7 46. Rd6+ Ke7 47. Nxd5+ Nxd5 48. Rxf7+
1-0

[Event "Lords of the Spring :-)"]
[Site "SchemingMind.com"]
[Date "2010.04.01"]
[Round "-"]
[White "Andreas Flato"]
[Black "Mitchell-in"]
[Result "0-1"]
[WhiteCountry "GER"]
[BlackCountry "ENG"]
[WhiteElo "1635"]
[WhiteRD "73"]
[BlackElo "1840"]
[BlackRD "63"]
[GameID "243992"]

1. e4 e5 2. Nf3 Nc6 3. Bb5 a6 4. Bxc6 dxc6 5. O-O Bg4 6. d3 Qf6 7. Nbd2 O-O-O 8. b3 h5 9. h3 g5 10. Bb2 Bxf3
11. Nxf3 Bd6 12. Qd2 g4 13. Ng5 Qe7 14. hxg4 hxg4 15. f4 Bc5+ 16. d4 Rxd4
0-1

[Event "Lords of the Spring :-)"]
[Site "SchemingMind.com"]
[Date "2010.04.01"]
[Round "-"]
[White "Phillip Beckett"]
[Black "Mitchell-in"]
[Result "0-1"]
[WhiteCountry "ENG"]
[BlackCountry "ENG"]
[WhiteElo "1633"]
[WhiteRD "58"]
[BlackElo "1820"]
[BlackRD "63"]
[GameID "243993"]

1. e4 c6 2. d4 d5 3. e5 Bf5 4. c3 e6 5. Bd3 Bxd3 6. Qxd3 Nd7 7. f4 Qc7 8. Nf3 Ne7 9. O-O h5 10. Nh4 g6
11. Nd2 Nf5 12. Nxf5 gxf5 13. b4 Be7 14. a4 a5 15. Ba3 Nf8 16. bxa5 Rxa5 17. Bxe7 Qxe7 18. Nb3 Ra8 19. Nc5 b6 20. Nb3 Ng6
21. a5 bxa5 22. Nxa5 Kd7 23. Rfb1 Rhb8 24. Rxb8 Rxb8 25. Qa6 Rc8 26. c4 Nxf4 27. Nb7 Nd3 28. Qb6 Qb4 29. Qa7 Rc7 30. cxd5 Qxb7
31. dxc6+ Qxc6 32. Qa3 Qc3 33. Qa4+ Qc6 34. Qxc6+ Rxc6 35. Ra7+ Rc7 36. Rxc7+ Kxc7 37. Kf1 Kc6 38. Ke2 Nf4+
0-1

[Event "Lords of the Spring :-)"]
[Site "SchemingMind.com"]
[Date "2010.04.02"]
[Round "-"]
[White "PeterLiberty"]
[Black "Mitchell-in"]
[Result "0-1"]
[WhiteCountry "USA"]
[BlackCountry "ENG"]
[WhiteElo "1572"]
[WhiteRD "64"]
[BlackElo "1820"]
[BlackRD "63"]
[GameID "243994"]

1. e4 c6 2. d4 d5 3. Nc3 dxe4 4. Nxe4 Nf6 5. Nxf6+ gxf6 6. c3 Bf5 7. Nf3 e6 8. Bf4 Bd6 9. Bxd6 Qxd6 10. Be2 Nd7
11. O-O O-O-O 12. Bc4 Rhg8 13. Re1 h5 14. Bd3 Bg4 15. h3 Bxh3 16. Nh4 Rg4 17. g3 Rxg3+ 18. fxg3 Qxg3+ 19. Kh1 Qxh4 20. Qe2 Bg4+
21. Qh2 Bf3+ 22. Kg1 Rg8+ 23. Kf1 Qxh2
0-1

[Event "Lords of the Spring :-)"]
[Site "SchemingMind.com"]
[Date "2010.04.02"]
[Round "-"]
[White "Baeron"]
[Black "Mitchell-in"]
[Result "1-0"]
[WhiteCountry "SUI"]
[BlackCountry "ENG"]
[WhiteElo "2095"]
[WhiteRD "81"]
[BlackElo "1820"]
[BlackRD "63"]
[GameID "243995"]

1. c4 e6 2. g3 d5 3. Bg2 Nf6 4. Nc3 Be7 5. d4 O-O 6. Nf3 dxc4 7. O-O Nc6 8. e3 Rb8 9. Qa4 Bd7 10. Qxc4 Na5
11. Qe2 c5 12. Rd1 Qc8 13. e4 b5 14. dxc5 Bxc5 15. Ne5 b4 16. Nxd7 Nxd7 17. Na4 Be7 18. b3 Nc5 19. Nxc5 Bxc5 20. Bf4 Rb6
21. Rac1 Nb7 22. e5 Qc7 23. Rc2 Qe7 24. Rdc1 Bd4 25. Rc7 Qd8 26. Bxb7 Bc3 27. Qc4
1-0

[Event "Lords of the Spring :-)"]
[Site "SchemingMind.com"]
[Date "2010.04.03"]
[Round "-"]
[White "MarketTheHay"]
[Black "jtrochez1"]
[Result "1/2-1/2"]
[WhiteCountry "ENG"]
[BlackCountry "HON"]
[WhiteElo "1757"]
[WhiteRD "89"]
[BlackElo "1589"]
[BlackRD "51"]
[GameID "244084"]

1. e4 Nc6 2. Nf3 e5 3. Nc3 Nf6 4. Nxe5 Nxe5 5. d4 Nc6 6. d5 Ne5 7. f4 Ng6 8. e5 Ng8 9. d6 cxd6 10. exd6 Nf6
11. Qe2+ Be7 12. dxe7 Qxe7 13. Qxe7+ Nxe7 14. Bd3 O-O 15. O-O d5 16. Bd2 Bf5 17. Bxf5 Nxf5 18. Ne2 Rac8 19. c3 Ne4 20. Rad1 Nxd2
21. Rxd2 Ne3 22. Re1 Rfd8 23. Nd4 Nc4 24. Rde2 Kf8 25. g3=
1/2-1/2

[Event "Lords of the Spring :-)"]
[Site "SchemingMind.com"]
[Date "2010.04.02"]
[Round "-"]
[White "MarketTheHay"]
[Black "Mitchell-in"]
[Result "1-0"]
[WhiteCountry "ENG"]
[BlackCountry "ENG"]
[WhiteElo "1859"]
[WhiteRD "80"]
[BlackElo "1787"]
[BlackRD "67"]
[GameID "244085"]

1. e4 e5 2. f4 Bc5 3. Nf3 d6 4. Nc3 Nf6 5. Bc4 Nc6 6. d3 a6 7. a3 Bg4 8. h3 Bxf3 9. Qxf3 Nd4 10. Qd1 O-O
11. f5 d5 12. Ba2 dxe4 13. Bg5 e3 14. Ne4 e2 15. Qd2 Kh8 16. Nxc5 h6 17. Be3 Nxf5 18. Ne4 Nxe4 19. dxe4 Ng3 20. Rg1 Qh4
21. Bf2 f5 22. Qe3 f4 23. Bxg3 fxg3 24. Qxe2 Rf4 25. O-O-O Rxe4 26. Qf3 Rf4= 27. Qxb7 Raf8 28. Qxa6 Qg5 29. Kb1 Rf2 30. Qd3 Qf6
31. Qxg3 e4 32. Qe3 Qc6 33. Bb3
1-0